3D zobrazovanie výrobných a manipulačných zariadení metódou fotogrametrie

Na minha lista:
Detalhes bibliográficos
Autor principal: Plašek, Michal, 1982- (Author)
Outros Autores: Tolnay, Marián, 1946- (Thesis advisor)
Formato: Manuscrito Livro
Idioma:eslovaco
Publicado em: Bratislava : STU v Bratislave SjF, 2013
Assuntos:
Acesso em linha:VAIS
Tags: Adicionar Tag
Sem tags, seja o primeiro a adicionar uma tag!

MARC

LEADER 00000ntm a22000003a 4500
001 stu286662
005 20150617230256.4
008 140321s2013----xo------------------slo-d
040 |a STU  |b slo 
041 0 |a slo 
044 |a xo 
100 1 |a Plašek, Michal,  |d 1982-  |4 aut  |u J  |T SjF Strojnícka fakulta  |X 51497  |U J  |Y 20  |7 A000051497 
242 0 0 |a 3D Imaging of Manufacturing and Handling Equipment by Photogrammetry  |y eng 
245 1 |a 3D zobrazovanie výrobných a manipulačných zariadení metódou fotogrametrie 
260 |a Bratislava :  |b STU v Bratislave SjF,  |c 2013 
650 7 |a 3D model  |2 estusub 
650 7 |a modelling  |2 estusub 
650 7 |a fotogrametria  |2 stusub 
700 1 |a Tolnay, Marián,  |d 1946-  |4 ths  |u J0070  |U SjF Strojnícka fakulta  |T SjF Ústav výrobných systémov, enviromentálnej techniky a manažment kvality  |X 2403  |U J0070  |Y 804  |7 A000002403 
856 4 |a info a plný text  |u http://is.stuba.sk/zp/portal_zp.pl?podrobnosti=94917  |3 VAIS 
996 |b 284J042650  |c J*1537/DP  |l JJSK  |s A  |a 24  |w stu286662_0001